00661cam a2200205 i 450000100090000000300040000900500170001300800410003001000170007102000180008804000280010604200080013408200250014210000190016724501080018626000330029430000280032749000340035550400660038917690846OSt20170105102906.0130409s2012 enk b 001 0 eng  a 2012533071 a9781780760261 aDLCbengcDLCerdadDLC apcc a323.609561bINC 20121 aInce, Baðsak.10aCitizenship and identity in Turkey :bfrom Atatèurk's republic to the present day /cBaðsak çInce. aLondon :bI.B. Tauris,c2012 ax , 292 pages ;c23 cm.0 aLibrary of modern Turkey ;v5 aIncludes bibliographical references (p. [257]-285) and index.